00593 a2200169 45000010006000000050017000060080041000230030015000640400040000790800072001192450107001912640033002983000019003310410008003501000034003587000031003926108620260407155901.0260407a1974 arg spa dAR-UNSa-BCEJYS aAR-UNSa-BCEJYSbspacAR-UNSa-BCEJYS a35.077.3xProcedimiento administrativo (licitación pública...) 10aProcedimiento administrativo nacionalpDecreto Ley 19.549/72 y reglamento aprobado por decreto 1759/72 1aBuenos Aires :bAstreac1974 a202 p.c20 cm. aspa1 aFernández Vázquez, Emilio1 aSendín, Emilio Marcelino